000 02048nam0a2200361 4500
001 RU\NLR\BIBL_A\011322909
005 20260407183911.0
010 _a978-5-94611-154-6
_950
021 _aRU
_b2017-1040
_979
035 _a(NLR Aleph) 011322909
090 _a11089389
_c11089389
100 _a20170208d2016 |||y0rusy50 ca
101 0 _arus
102 _aRU
105 _aa j 000zy
200 1 _aВиды анализа художественного текста
_eучебно-методическое пособие
_e[для учителей русского языка и литературы]
_fА.Н. Семенов
_gАвтономное учреждение дополнительного профессионального образования Ханты-Мансийского автономного округа - Югры "Институт развития образования"
210 _aХанты-Мансийск
_cИнститут развития образования
_d2016
215 _a125 с.
_cил.
_d20
300 _aАвт. указан на обл.
320 _aБиблиогр. в подстроч. примеч.
606 1 _aЛитературоведческое исследование
_jУчебно-методические пособия
_xМетодика
_91500975
_3RU\NLR\AUTH\66650691
606 1 _aЛитературное произведение
_jУчебно-методические пособия
_xАнализ
_xМетодика
_xСредняя школа
_92323737
_3RU\NLR\AUTH\661390052
686 2 _aШ4с
686 1 _aЧ426.21я7
700 1 _7ca
_8rus
_aСеменов
_bА. Н.
_cд-р пед. наук
_f1952-
_gАлександр Николаевич
_924662
_3RU\NLR\AUTH\7741714
712 0 2 _4570
_aИнститут развития образования
_cХанты-Мансийск
_9737870
_3RU\NLR\AUTH\8810119658
942 _cBOOK
980 _aNBR
980 _aNB